000 00455nam a2200181Ia 4500
001 11171
005 20260306161926.0
008 260306t2005||||xx |||||||||||||| ||spa||
041 _aESP
082 _a985.01
_bN47
100 _aNeuenschwander Sahurie, Carlos
_eAUT
245 0 _aIglesia y peruanidad:
_buna lectura desde Víctor Andrés Belaúnde
260 _c2005
300 _a
_c
650 _aGEN
654 _aCHU
942 _cLIB
_dJUS
_fJUS
_2ddc
_n
999 _c11171
_d11171